[Event "Mittelfranken-ch"]
[Site "Wachendorf"]
[Date "2013.03.29"]
[Round "8.9"]
[White "Thuerauf, Peter"]
[Black "Hamper, Jannik"]
[Result "1/2-1/2"]
[WhiteElo "1862"]
[BlackElo "1796"]
[PlyCount "36"]
[EventDate "2013.03.26"]
[EventType "swiss"]
[EventRounds "9"]
[EventCountry "GER"]
[SourceTitle "EXT 2022"]
[Source "ChessBase"]
[SourceDate "2021.10.06"]
[SourceVersion "1"]
[SourceVersionDate "2021.10.06"]
[SourceQuality "1"]

1. d4 d5 2. Nf3 Nf6 3. c4 c6 4. cxd5 cxd5 5. Nc3 Nc6 6. Bf4 Bf5 7. e3 e6 8. Bd3 Bxd3 9. Qxd3 Bd6 10. 0-0 Bxf4 11. exf4 0-0 12. f5 exf5 13. Qxf5 Qc8 14. Qf4 Nd8 15. Rac1 Ne6 16. Qe5 Qd7 17. Qf5 Qd6 18. Qe5 Qd7 1/2-1/2

[Event "Mittelfranken-ch"]
[Site "Wachendorf"]
[Date "2013.03.28"]
[Round "5.9"]
[White "Hamper, Jannik"]
[Black "Balhar, Michael"]
[Result "0-1"]
[WhiteElo "1799"]
[BlackElo "1745"]
[PlyCount "114"]
[EventDate "2013.03.26"]
[EventType "swiss"]
[EventRounds "9"]
[EventCountry "GER"]
[SourceTitle "EXT 2022"]
[Source "ChessBase"]
[SourceDate "2021.10.06"]
[SourceVersion "1"]
[SourceVersionDate "2021.10.06"]
[SourceQuality "1"]

1. d4 Nf6 2. c4 c5 3. d5 b5 4. cxb5 a6 5. e3 d6 6. Nc3 g6 7. bxa6 Bxa6 8. Qa4+ Nfd7 9. Bxa6 Nxa6 10. Nge2 Bg7 11. 0-0 0-0 12. Qd1 Nb6 13. b3 Nb4 14. e4 Qc7 15. Bb2 Nxa2 16. Nb5 Qb7 17. Bxg7 Kxg7 18. Qd2 Nb4 19. Nec3 Rxa1 20. Rxa1 Ra8 21. Rxa8 Qxa8 22. Qb2 f6 23. Nc7 Qa7 24. Ne6+ Kf7 25. h4 Nd7 26. Qd2 Ne5 27. f3 Qa1+ 28. Kh2 Qf1 29. Qh6 Nxf3+ 30. Kg3 Qe1+ 31. Kxf3 Qxc3+ 32. Ke2 Qc2+ 33. Kf1 Qd1+ 34. Kf2 Qc2+ 35. Kg1 Qd1+ 36. Kh2 Nxd5 37. exd5 Qxd5 38. Nd8+ Ke8 39. Qxh7 Kxd8 40. Qxg6 Qe5+ 41. Qg3 Qxg3+ 42. Kxg3 Ke8 43. Kf4 Kf7 44. h5 e5+ 45. Kf5 d5 46. g4 e4 47. Kf4 Kg7 48. Ke3 Kh6 49. Kf4 Kg7 50. Ke3 Kh7 51. Kf4 Kh6 52. Kf5 e3 53. Kxf6 e2 54. g5+ Kxh5 55. g6 e1Q 56. Kf7 Qf2+ 57. Kg7 Qf5 0-1